000 00491nam a2200193Ia 4500
005 20250425162439.0
008 250425s9999 xx 000 0 und d
041 _aeng
082 _a005.265
245 0 _aTURBO ASSEMBLER VERSION 3.0: QUICK REFERENCE GUIDE
250 _aS.E.
260 _aEstados Unidos
_bBORLAND INTERNATIONAL
_c1991
260 _aSCOTTS VALLEY
300 _a148
650 _aLENGUAJE ENSAMBLADOR
650 _aTURBO ASSEMBLER
942 _c01
010 _a74623
999 _c229426
_d229426